Normal view
MARC view
Entry Geographic Name
001 - CONTROL NUMBER
- control field: 46509
003 - CONTROL NUMBER IDENTIFIER
- control field: ARRUPE
005 - DATE AND TIME OF LATEST TRANSACTION
- control field: 20190523094441.0
008 - FIXED-LENGTH DATA ELEMENTS
- fixed length control field: 190523|| aca||aabn | a|a d
040 ## - CATALOGING SOURCE
- Original cataloging agency: ARRUPE
- Transcribing agency: ARRUPE
151 ## - HEADING--GEOGRAPHIC NAME
- Geographic name: Zimbabwe
- General subdivision: History
- Chronological subdivision: 1980-
670 ## - SOURCE DATA FOUND
- Source citation: Work cat.: (ARRUPE): Chigumadzi, Panashe 46507, These bones will rise again, 2018